Sports Quiz

Random Sports Quiz

Longest Careers In Each Sport Quiz Stats

 Plays Quiz not verified by Sporcle

Challenge
Share
Tweet
Embed
Score 0/5 Timer 04:00
0 Plays Today
# of Seasons Players % Correct
26 SeasonsGordie Howe
82.5%
26 SeasonsGeorge Blanda
67.5%
27 SeasonsCap Anson and Nolan Ryan
60%
21 SeasonsRobert Parish
50%
19 SeasonsRyan Giggs and Edwin Van Der Sar
15%

You're not logged in!

Compare scores with friends on all Sporcle quizzes.
OR
Log In

You Might Also Like...

Show Comments

Extras

Created Mar 21, 2011ReportNominate
Tags:career, In Each, longest

Top Quizzes Today


Score Distribution

Your Account Isn't Verified!

In order to create a playlist on Sporcle, you need to verify the email address you used during registration. Go to your Sporcle Settings to finish the process.

Report this User

Report this user for behavior that violates our Community Guidelines.

Details: